00590 2200193 4500001002100000005001700021008004100038020001800079035002400097040001200121082001000133090001800143245009500161260004300256300003000299650003300329850001200362999002200374YOGYA-0712000000038920120729230949.0 ind  a979-836-174-1 0010-071200000000389 aYOPDYOG a248.4 aDep 248.4 Mew aMewartakan kasih Allah dalam konteks indonesia masa kini/ceditor, pdt.Darsono Eko Nugroho aYogyakarta; taman pustara kristen,2009 aXII, 132 hlmbilusc21 cm aKehidupan beragama (kristen) aYOPDYOG aCB.D.11 2009-2944